[Event "Cairo Egyptian op"]
[Site "Cairo"]
[Date "2011.11.20"]
[Round "2"]
[White "Abdo, Mohamed Amin"]
[Black "Elgabry, Mohsen"]
[Result "0-1"]
[WhiteElo "1999"]
[BlackElo "2334"]
[PlyCount "40"]
[EventDate "2011.11.19"]
[EventType "swiss"]
[EventRounds "9"]
[EventCountry "EGY"]
[SourceTitle "CBM 145 Extra"]
[Source "ChessBase"]
[SourceDate "2012.01.03"]
[SourceVersion "1"]
[SourceVersionDate "2012.01.03"]
[SourceQuality "1"]

1. e4 c5 2. Nf3 Nc6 3. d4 cxd4 4. c3 Nf6 5. e5 Nd5 6. cxd4 d6 7. Nc3 Nxc3 8. bxc3 dxe5 9. d5 e4 10. Ng5 Ne5 11. Qa4+ Bd7 12. Qxe4 Qc7 13. Qd4 g6 14. Be2 Bg7 15. Bf4 Rc8 16. Rc1 h6 17. Ne4 f5 18. d6 Qa5 19. Nd2 Nf3+ 20. Nxf3 Bxd4 0-1